A totalitarizmus elmélete
Elmentve itt :
| Szerző: | |
|---|---|
| További közreműködők: | |
| Dokumentumtípus: | Szakdolgozat |
| Megjelent: |
2003
|
| Tárgyszavak: | |
| Online Access: | http://diploma.bibl.u-szeged.hu/28155 |
| LEADER | 00538nta a2200157 i 4500 | ||
|---|---|---|---|
| 001 | dipl28155 | ||
| 005 | 20130314085405.0 | ||
| 008 | 110818s2003 hu om 0|| zxx d | ||
| 040 | |a SZTE Diploma Repozitórium |b hun | ||
| 041 | |a zxx | ||
| 100 | 1 | |a Szalontai Edina | |
| 245 | 1 | 2 | |a A totalitarizmus elmélete |h [elektronikus dokumentum] / |c Edina Szalontai |
| 260 | |c 2003 | ||
| 650 | 4 | |a Jogi és igazgatási tanulmányok | |
| 700 | 1 | |a Majsa József |e ths | |
| 856 | 4 | 0 | |u http://diploma.bibl.u-szeged.hu/id/eprint/28155/1/2003_szalonati_edina.pdf |z Dokumentum-elérés |